| 000 | 00815nam0a22002651 4500 | ||
|---|---|---|---|
| 001 | rc\2675980 | ||
| 005 | 20250623153219.0 | ||
| 035 | _a(NLR Aleph) 006804428 | ||
| 090 |
_a6277666 _c6277666 |
||
| 100 | _a20110915d1932 |||y0rusy50 ca | ||
| 101 | 0 | _arus | |
| 102 | _aRU | ||
| 105 | _ay z |||a| | ||
| 200 | 1 |
_aКогти _eРоман _fЕ. Пермитин |
|
| 205 | _a3-е изд., испр. | ||
| 210 |
_aМосква _cФедерация _d1932 _gтип. газ. "Правда" |
||
| 215 |
_a256 с. _d18х13 см. |
||
| 225 | 1 | _aМассовая библиотека | |
| 300 | _aОбложка: А. Бажанов | ||
| 700 | 1 |
_aПермитин _bЕ.Н. _f1896-1971 _gЕфим Николаевич |
|
| 801 | 0 |
_aRU _bNLR _gpsbo |
|
| 801 | 1 |
_aRU _bELAR _2rusmarc |
|
| 942 | _cBOOK | ||
| 980 | _aNB | ||